[Event "20th Dubai Open 2018"]
[Site "Dubai"]
[Date "2018.04.03"]
[Round "1"]
[White "Vishnu Prasanna  V"]
[Black "Mendonca, Leon Luke"]
[Result "1-0"]
[WhiteElo "2510"]
[BlackElo "2099"]
[Annotator "TA"]
[PlyCount "64"]
[EventDate "2018.??.??"]
[EventType "swiss"]
[EventCountry "UAE"]
[SourceTitle "playchess.com"]
[Source "ChessBase"]
[SourceQuality "1"]

{[%evp 10,64,11,0,0,0,16,-3,0,-4,0,0,-2,0,2,0,0,-8,0,0,0,0,-22,-160,-149,-221,-216,-223,-235,-586,-491,-582,-494,-489,-490,-485,-487,-473,-473,-514,-515,-510,-487,-701,-696,-654,-627,-640,-627,-659,-654,-658,-652,-653,-637,-862,-865]} 1. d4 Nf6 2. c4 e6 3. Nf3 d5 4. e3 Be7 5. Bd3 O-O 6. Nbd2 {LiveBook: 67 Games} dxc4 {D30: Queen's Gambit Declined: Systems without Nc3} 7. Nxc4 c5 8. dxc5 Na6 {The position is equal.} 9. O-O Nxc5 10. Be2 Nd5 11. Bd2 Bd7 12. Qb1 Rc8 13. e4 Nf6 14. e5 Nd5 $146 {[%cal Bf6d5,Bd5f4,Bf4e2][%mdl 32]} 15. Rc1 b5 16. Ne3 (16. Ba5 $11 {keeps the balance.} Nb6 17. Nd6 Bxd6 18. exd6) 16... Nf4 $36 {[%mdl 2048] Black has strong initiative.} 17. Bd1 {[#]} (17. Bf1 $17) 17... Bc6 $1 $19 {[%cal Rc6f3]} 18. Nf1 Be4 19. Bc2 $2 (19. Rc2 {was the crucial defense.} Bxc2 20. Bxc2) 19... Ne2+ {Black is clearly winning.} 20. Kh1 Nd3 21. Bxd3 Rxc1 22. Bxe4 Rxb1 23. Rxb1 Nd4 24. Rd1 Nxf3 25. Bxf3 Qc7 26. Bf4 (26. Rc1 $142 Qxe5 27. Rc2) 26... Qc4 27. Be3 Rd8 {Strongly threatening ...Rxd1.} 28. Ra1 Qc2 29. b3 Qb2 30. Rc1 a6 31. Rc7 Bb4 32. Bg5 {[#]} Qxf2 $1 {[%mdl 33280] Precision: White = 40%, Black = 89%. . Loss on Time!?} 1-0

[Event "20th Dubai Open 2018"]
[Site "Dubai"]
[Date "2018.04.03"]
[Round "1"]
[White "Deepan Chakkravarthy J"]
[Black "Zubova, Mariya"]
[Result "0-1"]
[WhiteElo "2499"]
[BlackElo "2089"]
[Annotator "TA"]
[PlyCount "48"]
[EventDate "2018.??.??"]
[EventType "swiss"]
[EventCountry "UAE"]
[SourceTitle "playchess.com"]
[Source "ChessBase"]
[SourceQuality "1"]

{[%evp 16,48,8,0,0,0,0,-23,42,-8,-20,-8,-10,-5,-5,-15,0,0,-2,0,7,11,97,64,105,118,91,-29,-28,-97,-95,-519,-509,-514,-512]} 1. d4 Nf6 2. Nf3 d5 3. c4 e6 4. Nc3 Bb4 5. Bg5 dxc4 6. Qa4+ Nc6 7. e3 {[%cal Be2e3,Be3e4,Be4e5][%mdl 32]} Bd7 {D39: Queen's Gambit Declined: Ragozin Defence with 5 Bg5 dxc4} 8. Qc2 b5 9. Be2 {LiveBook: 7 Games} (9. a3 h6 10. Bxf6 Bxc3+ 11. Qxc3 gxf6 12. b3 cxb3 13. Bxb5 Ne7 14. Qxb3 c6 15. Bd3 {½-½ (38) Tarlev,K (2596)-Wang,H (2680) Calimanesti Caciulata 2016}) 9... Rb8 {The position is equal.} 10. O-O Be7 11. e4 b4 $146 (11... O-O $11) ({Predecessor:} 11... O-O 12. Rfd1 h6 13. Bh4 b4 14. e5 Nd5 15. Bxe7 Qxe7 {0-1 (37) Bakuta,N (1794)-Tsirulnik,M (2168) Poltava 2011}) 12. Bxf6 Bxf6 13. e5 Be7 14. Ne4 Na5 15. Ned2 c5 16. dxc5 Bxc5 17. Ne4 Be7 18. Rfd1 Rc8 {[#]} (18... Qb6 $11) 19. Rd4 $1 $36 {[%mdl 2048] Black is under pressure.} ({Don't play} 19. Qd2 $6 Ba4 $11) 19... Qb6 20. Rad1 Bc6 {[#]} 21. Bxc4 ({Only move:} 21. Nd6+ $1 $16 Bxd6 22. exd6) 21... O-O $11 22. Neg5 (22. b3 $11) 22... g6 $17 23. Qd2 $2 {[%mdl 8192]} (23. Ne4 $17) 23... Bxf3 $19 24. Nxf3 Rxc4 {Precision: White = 31%, Black = 54%.} 0-1

[Event "20th Dubai Open 2018"]
[Site "Dubai"]
[Date "2018.04.03"]
[Round "1"]
[White "Venkatesh, M R"]
[Black "Jishitha D"]
[Result "1/2-1/2"]
[WhiteElo "2487"]
[BlackElo "2083"]
[Annotator "TA"]
[PlyCount "100"]
[EventDate "2018.??.??"]
[EventType "swiss"]
[EventCountry "UAE"]
[SourceTitle "playchess.com"]
[Source "ChessBase"]
[SourceQuality "1"]

{[%evp 30,100,-1,-97,-83,-113,-103,-117,-89,-98,-81,-154,-14,-58,-52,-62,-70,-50,-36,-37,-25,-48,-47,-44,-30,-25,-32,-25,-15,-54,-46,-47,-52,-47,-40,-126,-111,-160,-112,-176,-175,-174,-178,-168,-170,-185,-190,-181,-187,-212,-182,-183,-183,-193,-187,-184,-183,-374,-375,-337,-332,-317,-333,-329,-323,-902,-937,-1439,-1052,-29970,-29970,-29973,-29958]} 1. d4 Nf6 2. c4 c5 3. d5 e6 4. Nc3 exd5 5. cxd5 d6 6. g3 g6 7. Bg2 Bg7 8. Nf3 {[%cal Bg1f3,Bf3d2,Bd2c4,Bc4a3][%mdl 32]} O-O 9. O-O a6 10. a4 Re8 11. Nd2 Nbd7 12. h3 Rb8 13. Nc4 Ne5 14. Na3 Nh5 15. e4 Bd7 16. Ne2 {LiveBook: 3 Games. A64: Modern Benoni: Fianchetto Variation: 9...Nbd7 10 Nd2 a6 11 a4 Re8} (16. g4 $11) (16. g4 Nf6 17. g5 Nh5 18. f4 b5 19. fxe5 b4 20. Nc4 bxc3 21. bxc3 Bxe5 22. Qf3 f5 23. gxf6 Qxf6 24. Nxe5 Qxe5 {0-1 (60) So,W (2812)-Nakamura,H (2785) Stavanger 2017}) 16... b5 $1 $17 17. f4 {And now axb5 would win.} b4 $1 {[%cal Rb4a3]} 18. fxe5 {Black is better.} bxa3 19. Rxa3 Bxe5 20. Raf3 {[#]} (20. g4 $142 Nf6 21. Qd3) 20... Rf8 (20... Rb4 $1 $17 {[%cal Rb4e4]} 21. g4 (21. Rxf7 $2 Nf6 $19) 21... Rxe4) 21. g4 Ng7 $1 22. b3 c4 23. bxc4 Qc7 24. Bf4 $146 Qxc4 25. Bxe5 dxe5 26. Nc3 Ne8 {[%cal Bg7e8,Be8d6,Bd6e4][%mdl 32]} 27. Kh2 Nd6 28. Qa1 Rb3 29. Nd1 Rxf3 30. Rxf3 Nxe4 31. Qxe5 Re8 ({Wrong is} 31... Bxa4 $2 32. Nb2 $18) 32. Qf4 ({Better is} 32. Ne3 $15 Qxa4 33. Qc7) 32... Qxd5 33. Ne3 Qe5 {aiming for ...Ng5.} 34. Qxe5 (34. Nc4 $17 Qxf4+ 35. Rxf4) 34... Rxe5 $19 35. Nc4 Rc5 36. Nb6 Bc6 {Hoping for ...Rc2.} 37. Re3 {[#]} f5 $1 38. gxf5 gxf5 39. Bxe4 Bxe4 {[%mdl 4096] Endgame KRB-KRN} 40. Kg3 Kf7 41. Kf4 Ke6 42. Rb3 Rc1 43. Rb4 $2 (43. Ke3) 43... Rc3 44. Nc4 Rf3+ ({Don't play} 44... Rxh3 45. Nd2 $19) 45. Kg5 Rxh3 46. Rb6+ Kd5 47. Nd6 $2 (47. Nd2) 47... Rg3+ 48. Kf6 f4 {[%cal Bf5f4,Bf4f3][%mdl 32]} 49. Rxa6 f3 50. Nxe4 Rg6+ {[%mdl 32768] Precision: White = 38%, Black = 85%. . An unexpected result.} 1/2-1/2

[Event "20th Dubai Open 2018"]
[Site "Dubai"]
[Date "2018.04.03"]
[Round "1"]
[White "Erigaisi Arjun"]
[Black "Kurbanov, Djakhongir"]
[Result "0-1"]
[WhiteElo "2481"]
[BlackElo "2078"]
[Annotator "TA"]
[PlyCount "132"]
[EventDate "2018.??.??"]
[EventType "swiss"]
[EventCountry "UAE"]
[SourceTitle "playchess.com"]
[Source "ChessBase"]
[SourceQuality "1"]

{[%evp 13,132,37,38,11,24,-34,-44,-33,-40,-50,-30,-54,-22,-25,-27,-36,-14,-22,0,0,0,0,0,0,0,0,0,0,0,0,6,-9,9,0,12,0,0,-22,0,-29,-18,-32,-1,-13,0,-17,18,-9,20,-29,-40,-60,-52,-66,-63,-100,-90,-125,-76,-77,-83,-86,-55,-49,-20,-60,-72,-65,-44,-263,-263,-265,-255,-270,-247,-273,-264,-262,-259,-257,-255,-289,-272,-339,-339,-350,-341,-393,-381,-396,-401,-381,-354,-537,-509,-491,-460,-741,-547,-888,-883,-870,-834,-788,-727,-1102,-1016,-893,-877,-1449,-1458,-1437,-1272,-2880,-2283,-29977,-29978,-29976,-29979,-29985,-29981]} 1. e4 c6 2. Nf3 d5 3. exd5 cxd5 4. d4 Nc6 5. Be2 Nf6 6. O-O g6 {B13: Caro-Kann: Exchange Variation and Panov-Botvinnik Attack} (6... Bg4 7. c3 e6 8. Ne5 Bxe2 9. Qxe2 Nxe5 10. dxe5 Nd7 11. Nd2 Bc5 12. c4 dxc4 13. Nxc4 O-O 14. Bf4 {½-½ (76) Mamedjarova,Z (2363)-Shen,Y (2465) Riadh 2017}) 7. c3 Bg7 {LiveBook: 6 Games} 8. Bg5 Ne4 {The position is equal.} 9. Qc1 $146 ({White should try} 9. Bf4 $11) ({Predecessor:} 9. Nbd2 Nxg5 10. Nxg5 e5 11. Ngf3 e4 12. Ne1 O-O 13. Nc2 Be6 14. f4 {0-1 (34) Vilotijevic,M (1886)-Dimitrijevic,A (2289) Obrenovac 2004}) 9... Nxg5 $15 10. Qxg5 O-O 11. Nbd2 {[%cal Bb1d2,Bd2b3,Bb3c1,Bc1d3,Bd3b4][%mdl 32]} f6 12. Qh4 Be6 13. Rfe1 Bf7 14. Rad1 Rc8 15. Nb3 b6 16. Bb5 Qd6 17. Qg3 Qxg3 18. hxg3 e6 19. g4 h6 20. Nc1 Rfd8 21. Nd3 g5 22. a4 Na5 23. Nd2 Rc7 24. Nb4 Bf8 25. Nd3 Nb7 26. Nc1 Nd6 27. Bd3 Re7 28. f3 e5 29. Ne2 Be8 30. b3 e4 31. Bb1 Bd7 $36 {[%mdl 2048] Black has the initiative.} 32. Nf1 exf3 33. gxf3 f5 34. gxf5 Nxf5 {[%cal Bd6f5,Bf5h4,Bh4f3][%mdl 32]} 35. Neg3 Nh4 36. Rxe7 Bxe7 37. Ne3 Rf8 {Strongly threatening ...Bd6.} 38. Nxd5 Nxf3+ 39. Kh1 Bd8 40. c4 Nh4 41. Rf1 $2 {[#]} ({White should play} 41. Be4 $15) 41... Rxf1+ $19 42. Nxf1 Nf3 43. c5 Nxd4 44. cxb6 axb6 45. Nd2 Kg7 46. Be4 Be8 47. Kg2 h5 48. Kh2 Kh6 49. Ne3 Bd7 50. Bd5 Bc7+ 51. Kh1 g4 52. Ne4 Kg6 53. Ng2 (53. Bc4 $142) 53... Nf5 54. Nf2 Kh6 55. Ne4 (55. Bb7 $142) 55... Be5 56. Ne1 Ng3+ 57. Nxg3 Bxg3 {[%mdl 4096] Endgame KBB-KBN} 58. Nc2 Be5 59. Ne3 Kg5 60. Nc4 Bc7 61. Kg2 h4 {[%cal Bh5h4,Bh4h3][%mdl 32]} 62. Ne3 Kf4 63. Nf1 h3+ 64. Kh1 g3 {[%cal Bg4g3,Bg3g2][%mdl 32] Black mates.} 65. b4 Bxa4 66. Be6 g2+ {Precision: White = 35%, Black = 72%.} 0-1

[Event "20th Dubai Open 2018"]
[Site "Dubai"]
[Date "2018.04.03"]
[Round "1"]
[White "Drljevic, Ljilja"]
[Black "Jones, Gawain C B"]
[Result "0-1"]
[WhiteElo "2224"]
[BlackElo "2675"]
[Annotator "TA"]
[PlyCount "90"]
[EventDate "2018.??.??"]
[EventType "swiss"]
[EventCountry "UAE"]
[SourceTitle "playchess.com"]
[Source "ChessBase"]
[SourceQuality "1"]

{[%evp 14,90,-9,-43,-36,-71,-60,-96,-101,-97,-75,-81,-75,-80,-71,-99,-100,-95,-84,-105,-90,-164,-175,-252,-260,-254,-229,-234,-212,-247,-217,-208,-212,-281,-255,-476,-481,-474,-466,-554,-547,-617,-614,-642,-608,-743,-737,-746,-740,-1489,-931,-1090,-865,-891,-1013,-886,-884,-935,-931,-954,-928,-891,-839,-1008,-1005,-999,-999,-984,-952,-993,-959,-960,-952,-29981,-29982,-7068,-6149,-29989,-29990]} 1. e4 c5 2. d3 Nc6 3. g3 d5 4. Nd2 Nf6 5. Bg2 e5 6. Ngf3 Be7 7. O-O O-O 8. h3 Re8 {A08: King's Indian Attack} 9. c3 d4 $146 ({Predecessor:} 9... Rb8 10. a4 Bf8 11. exd5 Nxd5 12. Re1 f6 13. a5 Be6 14. a6 b5 15. Nh2 Qd7 16. Ng4 {½-½ (27) Vajda,L (2597)-Lane,G (2362) Sydney 2014}) 10. c4 Bd7 {Black is better.} 11. Ne1 g6 12. Nc2 Rb8 13. Nf3 a6 14. Bh6 b5 15. Na3 Nh5 16. Rc1 Be6 17. g4 {[#]} (17. Nh2 $17) 17... Ng7 $1 $19 18. Nxe5 (18. Nh2 $142) 18... Nxe5 19. f4 bxc4 20. fxe5 cxd3 ({Worse is} 20... Rxb2 21. Nxc4 Bxc4 22. Rxc4 $15) 21. Nc4 Bg5 22. Bxg5 Qxg5 23. Nd6 Red8 ({Inferior is} 23... Qxe5 24. Nxe8 Nxe8 25. b3 $11) 24. Qf3 $2 (24. b3) 24... d2 25. Rc2 d1=Q 26. Qxd1 Qxe5 27. Nf5 gxf5 28. gxf5 Bxa2 29. f6 Ne6 30. Rf5 Qg3 31. Qh5 c4 32. Rcf2 Qg6 33. Qh4 d3 {[#] Threatens to win with ...d2.} 34. Rd2 Rb5 35. Qf2 Nd4 36. Rf4 Rg5 37. Kh2 Ne6 38. Rf3 Kh8 39. h4 Rxg2+ 40. Qxg2 Qxe4 41. Qf2 Qe5+ 42. Kh3 Rg8 43. Re3 Nf4+ 44. Kh2 Qd6 45. Kh1 c3 {Precision: White = 23%, Black = 79%.} 0-1

[Event "20th Dubai Open 2018"]
[Site "Dubai"]
[Date "2018.04.03"]
[Round "1"]
[White "Aradhya, Garg"]
[Black "Anton Guijarro, David"]
[Result "0-1"]
[WhiteElo "2218"]
[BlackElo "2653"]
[Annotator "TA"]
[PlyCount "75"]
[EventDate "2018.??.??"]
[EventType "swiss"]
[EventCountry "UAE"]
[SourceTitle "playchess.com"]
[Source "ChessBase"]
[SourceQuality "1"]

{[%evp 18,75,10,13,7,4,45,25,25,4,58,41,37,37,100,104,72,48,58,58,63,53,143,160,122,143,164,114,158,150,158,144,146,151,111,110,112,92,99,97,108,103,97,86,81,73,116,118,148,152,158,164,220,216,274,265,422,417,527,541]} 1. e4 c5 2. Nf3 e6 3. g3 d6 (3... Nc6 4. Bg2 Nf6 5. d3 d5 6. Nbd2 Be7 7. O-O O-O 8. Re1 b5 9. e5 Nd7 10. Nf1 Bb7 11. h4 Qc7 12. Bf4 Rfc8 13. Ne3 Qd8 14. Ng4 Bf8 15. Bg5 Qe8 16. c3 h6 17. Bf4 a5 18. Qd2 b4 19. c4 Ne7 20. h5 {1-0 (59) Kuzubov,Y (2699)-Grischuk,A (2772) Riadh 2017}) 4. Bg2 Nf6 5. Qe2 Be7 6. O-O {B40: Sicilian: 2...e6, Unusual lines} O-O 7. c3 d5 8. e5 Nfd7 9. Rd1 Nc6 10. d4 {LiveBook: 3 Games} Qc7 $146 ({Find the theoretical novelty and annotate with similar games:} 10... Rb8 11. h4 b5 12. Nbd2 b4 13. Nf1 bxc3 14. bxc3 Qa5 15. Bd2 {0-1 (32) Hamitevici,V (2508)-Michielsen,J (2343) Edinburgh 2013}) 11. Bf4 a6 12. Nbd2 {[%cal Bb1d2,Bd2f1,Bf1e3][%mdl 32]} b5 13. Nf1 b4 ({Black should try} 13... Bb7 $11) 14. Ne3 bxc3 15. bxc3 {[%cal Bb2c3,Bc3c4,Bc4d5,Bd5c6][%mdl 32]} Qa5 {[#]} (15... Qa7 $14) 16. c4 $1 $16 {[%cal Rc4d5]} cxd4 17. cxd5 dxe3 18. dxc6 exf2+ 19. Qxf2 Bc5 ({Better is} 19... Nb6 $1 $14) 20. Be3 Bxe3 21. Qxe3 Nb6 22. Qd2 Qxd2 23. Nxd2 Ra7 24. Rab1 Nd5 {With the idea ...Nc3.} 25. Rdc1 Rc7 26. Rc5 Rd8 27. Nb3 f6 28. exf6 gxf6 29. Rd1 Kf7 30. Bxd5 exd5 31. Kf2 Rd6 {[#]} 32. Nd4 $1 ({Of course not} 32. Rdxd5 $6 Rxd5 33. Rxd5 Rxc6 $11) ({Reject} 32. Rcxd5 $6 Rdxc6 33. Nd4 Rb6 $11) 32... f5 33. Re1 Rh6 34. Kg2 ({Resist} 34. Rxd5 $6 Rxh2+ 35. Kf3 Rxa2 $14) 34... Rd6 (34... Re7 $142 35. Rf1 Re5) 35. Re5 $18 Bd7 36. Kf3 Bxc6 (36... h6 $142 37. Re3 Rcxc6 38. Nxc6 Bxc6) 37. Re2 Kf6 38. Rec2 {[%mdl 32768] Precision: White = 86%, Black = 42%. . Loss on Time!?} 0-1

[Event "20th Dubai Open 2018"]
[Site "Dubai"]
[Date "2018.04.03"]
[Round "1"]
[White "Nyazi, Nehad"]
[Black "Rakhmanov, Aleksandr"]
[Result "0-1"]
[WhiteElo "2213"]
[BlackElo "2652"]
[Annotator "TA"]
[PlyCount "95"]
[EventDate "2018.??.??"]
[EventType "swiss"]
[EventCountry "UAE"]
[SourceTitle "playchess.com"]
[Source "ChessBase"]
[SourceQuality "1"]

{[%evp 18,95,24,29,18,29,32,36,105,112,97,97,96,80,93,63,70,46,58,53,89,85,101,99,95,101,106,81,87,28,34,34,34,34,62,49,86,92,79,55,82,71,69,60,116,127,176,171,193,177,200,173,185,184,224,210,310,310,332,313,308,289,293,306,306,302,512,514,476,432,396,347,515,506,1126,1058,631,619,4802,3090]} 1. d4 Nf6 2. Bf4 d5 3. e3 e6 4. Nd2 Bd6 5. Bg3 O-O 6. Ngf3 c5 7. c3 Nc6 8. Bb5 {D02: 1 d4 d5 2 Nf3 sidelines, including 2...Nf6 3 g3 and 2...Nf6 3 Bf4} Ne7 (8... Be7 9. Bd3 b6 10. O-O Bb7 11. h3 Bd6 12. Bh4 Be7 13. Qb1 h6 14. a3 Nh5 15. Bxe7 Qxe7 {½-½ (64) Carlsen,M (2837)-Wang,H (2709) Riadh 2017}) 9. Bd3 b6 10. e4 {LiveBook: 7 Games. White has an edge.} dxe4 11. Nxe4 Nxe4 12. Bxe4 Rb8 (12... Nd5 $14) 13. dxc5 $16 Bxg3 14. hxg3 Qxd1+ 15. Rxd1 f5 16. Bc2 $146 bxc5 17. Bb3 Nc6 18. Ba4 Ne7 19. Rd2 $1 Bb7 20. Ne5 Rfd8 21. Bd7 Bc8 22. Rh4 Ng6 23. Nxg6 (23. Bxc8 $16 Rdxc8 24. Nxg6 hxg6 25. b3) 23... Rxd7 24. Rxd7 Bxd7 {[%mdl 4096] Endgame KRB-KRN} 25. Ne5 Bb5 26. b3 g5 27. Rh6 {Threatens to win with c4.} Rb6 28. f4 g4 29. c4 Be8 30. Nd3 Kg7 (30... Rc6 $14) 31. Rh1 $1 Rd6 32. Ke2 Bc6 33. Rg1 ({Don't play} 33. Nxc5 Bxg2 34. Rh2 Bc6 $16) 33... Kf6 34. Ke3 h5 35. Nxc5 Rd8 {[#]} 36. b4 $1 {[%cal Bb3b4,Bb4b5][%mdl 32]} Ba8 (36... e5 $142) 37. b5 $18 e5 38. fxe5+ Kxe5 39. Nd3+ Kf6 40. Nf4 Re8+ {[#]} 41. Kd3 $1 Kg5 $2 (41... a6 {is a better defense.} 42. b6 (42. bxa6 Be4+ 43. Kd4 Ra8 $16) (42. Nxh5+ Ke5 $18) 42... Ke5) 42. Rh1 Rh8 {If Black can now play ...h4 this consolidates a bit.} 43. Ke3 Re8+ 44. Kf2 Rh8 (44... Rc8 $142 45. c5 Kf6 46. Nxh5+ Kf7) 45. Rd1 {White is clearly winning.} h4 (45... Kf6 $142 46. c5 Be4 47. Rd6+ Kg7 48. Rd7+ Kf6 49. Rxa7 Rb8) 46. Rd6 {[%csl Gf4][%cal Rd6g6]} Rg8 47. c5 {[%cal Bc4c5,Bc5c6][%mdl 32] Black must now prevent c6.} Be4 48. c6 {[%mdl 32768] Precision: White = 86%, Black = 39%. . Loss on Time!?} 0-1

[Event "20th Dubai Open 2018"]
[Site "Dubai"]
[Date "2018.04.03"]
[Round "1"]
[White "Karthik Kumar Pradeep"]
[Black "Mareco, Sandro"]
[Result "0-1"]
[WhiteElo "2191"]
[BlackElo "2645"]
[Annotator "TA"]
[PlyCount "61"]
[EventDate "2018.??.??"]
[EventType "swiss"]
[EventCountry "UAE"]
[SourceTitle "playchess.com"]
[Source "ChessBase"]
[SourceQuality "1"]

{[%evp 32,61,99,93,129,122,172,156,242,208,268,230,291,288,306,301,285,289,297,288,289,271,480,464,575,575,573,571,564,552,536,531]} 1. e4 c5 2. Nf3 d6 3. d4 cxd4 4. Nxd4 Nf6 5. Nc3 g6 6. Be3 Bg7 7. f3 O-O 8. Qd2 Nc6 9. O-O-O d5 10. Qe1 e5 11. Nxc6 bxc6 12. exd5 Nxd5 13. Bc4 Be6 14. Kb1 {B76: Sicilian Dragon: Yugoslav Attack, 9 g4 and 9 0-0-0} Qc7 (14... Rb8 15. Ne4 Qc7 16. Bc5 Rfd8 17. g4 h6 18. Bb3 a5 19. Rg1 Rd7 20. h4 Rbd8 21. a4 Nf4 22. Rxd7 Rxd7 23. Bxe6 Nxe6 {½-½ (32) Anand,V (2776)-Nakamura,H (2787) Moscow 2018}) 15. Nxd5 cxd5 16. Bxd5 Bxd5 17. Rxd5 {LiveBook: 4 Games} Rab8 {[#] Hoping for ...Qb7.} 18. Qa5 Qb7 {[%csl Gb8][%cal Rb7b2]} 19. b3 Rfc8 (19... a6 $16 {is a better defense.} 20. Rhd1 h5) 20. Rhd1 $18 Qe7 21. Bc5 ({Resist} 21. Qxa7 Qe6 $18) 21... Qe8 22. Bd6 $146 ({Don't do} 22. Qxa7 Qc6 $18) 22... Ra8 23. Bxe5 Bxe5 24. Rxe5 Qc6 25. Re2 Re8 26. Rxe8+ Rxe8 $2 {[#]} (26... Qxe8 27. c4 Qe7) 27. Qxa7 {White is clearly winning.} Re2 28. Rd8+ Kg7 29. Qd4+ Kh6 30. Qf4+ Kg7 31. Rd2 {[%mdl 32768] Loss on Time!?} 0-1

[Event "20th Dubai Open 2018"]
[Site "Dubai"]
[Date "2018.04.03"]
[Round "1"]
[White "Bubalovic, Davorin"]
[Black "Efimenko, Zahar"]
[Result "1-0"]
[WhiteElo "2187"]
[BlackElo "2634"]
[Annotator "TA"]
[PlyCount "83"]
[EventDate "2018.??.??"]
[EventType "swiss"]
[EventCountry "UAE"]
[SourceTitle "playchess.com"]
[Source "ChessBase"]
[SourceQuality "1"]

{[%evp 22,83,46,46,46,36,52,23,64,72,91,91,91,25,39,23,23,33,33,22,29,27,34,29,29,21,29,29,63,42,91,69,70,30,28,14,0,0,56,39,40,32,32,40,213,213,244,246,406,404,337,313,337,327,598,597,556,493,886,862,860,834,1105,1048]} 1. c4 e6 2. Nc3 d5 3. d4 Nf6 4. cxd5 exd5 5. Bg5 c6 6. e3 Bf5 7. Qf3 Be6 8. Bxf6 {D35: Queen's Gambit Declined: Exchange Variation} Qxf6 9. Qxf6 gxf6 10. Bd3 Nd7 11. Nge2 {[%cal Bg1e2,Be2f4,Bf4h5][%mdl 32]} Nb6 12. Nf4 {LiveBook: 3 Games} Bd6 (12... Nc8 13. f3 h5 14. h4 Bd6 15. Nce2 Bd7 {1-0 (54) Giri,A (2762)-Zvjaginsev,V (2643) Antalya 2017}) 13. Nh5 Ke7 14. f3 $146 ({Predecessor:} 14. h3 f5 15. O-O-O Rhg8 {1-0 (42) Ivanov,B-Kuerten,D (2051) ICCF email 2008}) 14... a6 15. Kf2 c5 16. Rhe1 Rac8 17. Re2 ({White should play} 17. Rab1 $16) 17... f5 $11 18. Rd1 Rhd8 19. h3 h6 20. g4 fxg4 21. hxg4 Kf8 22. Rc2 cxd4 23. exd4 Nc4 24. Ne2 Rc7 25. Nef4 Rdc8 26. Re2 Re7 27. b3 Na5 $1 28. Nxe6+ fxe6 29. Rde1 Rc3 (29... Bb4 $11) 30. Bg6 $36 {[%mdl 2048] White has good play.} Rc6 31. f4 {[%cal Bf3f4,Bf4g5,Bg5g6,Bg6g7][%mdl 32]} Bb4 32. Rd1 Rc3 $2 {[#]} (32... e5 $1 $14) 33. g5 $1 $18 hxg5 34. fxg5 Nc6 $2 {[#]} (34... e5 {was called for.} 35. dxe5 d4) 35. Kg2 $1 Kg8 36. Bb1 Bd6 37. Rf2 Rf7 $2 (37... Nxd4 {might work better.} 38. Rxd4 Bc5) 38. Rxf7 {White is clearly winning.} Kxf7 39. g6+ Ke8 (39... Kg8 $142 40. Nf6+ Kf8) 40. g7 Ne7 41. Re1 Kf7 42. Rf1+ {Precision: White = 70%, Black = 45%.} 1-0

[Event "20th Dubai Open 2018"]
[Site "Dubai"]
[Date "2018.04.03"]
[Round "1"]
[White "Ramaraju, N."]
[Black "Adly, Ahmed"]
[Result "0-1"]
[WhiteElo "2175"]
[BlackElo "2626"]
[Annotator "TA"]
[PlyCount "51"]
[EventDate "2018.??.??"]
[EventType "swiss"]
[EventCountry "UAE"]
[SourceTitle "playchess.com"]
[Source "ChessBase"]
[SourceQuality "1"]

{[%evp 30,51,27,22,87,87,88,87,102,103,121,126,121,127,134,127,180,178,195,192,268,237,250,258]} 1. d4 d5 2. c4 e6 3. Nc3 Nf6 4. cxd5 exd5 5. Bg5 c6 6. e3 h6 7. Bh4 Be7 8. Qc2 O-O 9. Bd3 Re8 10. Nge2 Ne4 11. Bxe7 Qxe7 12. Bxe4 dxe4 13. Ng3 f5 {D36: Queen's Gambit Declined: Exchange Variation: Main line (5 Bg5 c6 6 Qc2)} 14. O-O Na6 (14... Qg5 15. Rae1 h5 16. Qb3+ Be6 17. Qxb7 Nd7 18. Nge2 Nf6 19. b3 h4 20. Nf4 Bf7 21. Rc1 {1-0 (31) Kuzubov,Y (2640)-Hayrapetyan,H (2489) Al Ain 2015}) 15. f3 Nb4 16. Qd2 {LiveBook: 4 Games} f4 (16... exf3 $11 17. Rxf3 f4) 17. exf4 $16 {[%cal Rf3e4]} e3 18. Qd1 Qf7 $146 ({Find the theoretical novelty and annotate with similar games:} 18... Be6 19. Re1 Bc4 20. Nce4 e2 21. Qd2 {1-0 (34) Cyborowski,L (2537)-Zielinski,W (2097) Gdansk 2011}) 19. Re1 Qxf4 20. Qb3+ Nd5 21. Nxd5 cxd5 22. Rad1 Kh8 (22... Qf7 $16 {might work better.}) 23. Qxd5 $18 Be6 24. Qxb7 Bc4 {[#]} (24... Bxa2 {was worth a try.} 25. Qxg7+ Kxg7 26. Nh5+ Kg8 27. Nxf4 Rab8) 25. Qxg7+ $1 {[%mdl 512]} Kxg7 26. Nh5+ {[%mdl 32768] Loss on Time!?} 0-1